Electrical Engineering Material and Semiconductor Devices (Record no. 968)

MARC details
000 -LEADER
fixed length control field 00357nam a2200133Ia 4500
008 - FIXED-LENGTH DATA ELEMENTS--GENERAL INFORMATION
fixed length control field 191201s2005 xx 000 0 und d
082 ## - DEWEY DECIMAL CLASSIFICATION NUMBER
Classification number 621.37
Item number GUE
100 ## - MAIN ENTRY--PERSONAL NAME
Personal name GUPTA, J B
245 #0 - TITLE STATEMENT
Title Electrical Engineering Material and Semiconductor Devices
260 ## - PUBLICATION, DISTRIBUTION, ETC. (IMPRINT)
Place of publication, distribution, etc N.Delhi
Name of publisher, distributor, etc S K Kataria and Sons
Date of publication, distribution, etc 2005
300 ## - PHYSICAL DESCRIPTION
Extent 492
650 ## - SUBJECT ADDED ENTRY--TOPICAL TERM
Topical term or geographic name as entry element B.Tech(ECE)
942 ## - ADDED ENTRY ELEMENTS (KOHA)
Source of classification or shelving scheme Dewey Decimal Classification
Koha item type Text Books
Holdings
Withdrawn status Lost status Source of classification or shelving scheme Damaged status Not for loan Collection code Home library Current library Date acquired Source of acquisition Cost, normal purchase price Bill Number Total Checkouts Full call number Acc. no. / Barcode Date last seen Bill Date Koha item type
    Dewey Decimal Classification     B.Tech(ECE) PIET C-LIBRARY PIET C-LIBRARY 09/08/2006 UDH, Delhi 175.00 CM 4732   621.37 GUE 911 04/12/2019 22/08/2005 Text Books
    Dewey Decimal Classification     B.Tech(ECE) PIET C-LIBRARY PIET C-LIBRARY 09/08/2006 UDH, Delhi 175.00 CM 4732   621.37 GUE 912 04/12/2019 22/08/2005 Text Books
    Dewey Decimal Classification     B.Tech(ECE) PIET C-LIBRARY PIET C-LIBRARY 09/08/2006 UDH, Delhi 175.00 CM 4732   621.37 GUE 913 04/12/2019 22/08/2005 Text Books
    Dewey Decimal Classification     B.Tech(ECE) PIET C-LIBRARY PIET C-LIBRARY 09/08/2006 UDH, Delhi 175.00 CM 4732   621.381 GUE 914 04/12/2019 22/08/2005 Text Books
    Dewey Decimal Classification     B.Tech(ECE) PIET C-LIBRARY PIET C-LIBRARY 09/08/2006 UDH, Delhi 175.00 CM 4732   621.3 KOE 915 04/12/2019 22/08/2005 Text Books

Design & Developed by: PIET Central Library
R70 Miles Stone Pattikalyana Samalkha Panipat 132102
mail ID :- [email protected], Phone No:- 0180-2569700 Ex.216